Sports Quiz

Random Sports or Golf Quiz

US Open Golf Winners (A-Z) Quiz Stats

 Plays Quiz Updated Jun 20, 2021

Support Sporcle.
Go Orange.
Score 0/22 Timer 05:00
1 Play Today
Letter Champions % Correct
WWalker, Wood, Worsham, Watson, Woods, Woodland
99%
PParks, Palmer, Player, Pate, Pavin
86.7%
NNelson, Nicklaus, North, Nelson
85.9%
JJones, Jacklin, Janzen, Jones, Johnson
84.7%
SSmith, Smith, Sargent, Sarazen, Simpson, Strange, Stewart, Simpson, Spieth
83.3%
MMcLeod, McDermott, Macfarlane, Manero, Mangrum, Middlecoff, Mayer, Moody, Miller, McDowell, McIlroy
73.9%
KKite, Kaymer, Koepka
72.5%
EEvans, Els
65.6%
ZZoeller
59%
HHerd, Hagen, Hogan
54.5%
GGoodman, Guldahl, Graham, Green, Graham, Goosen, Glover
51.8%
Letter Champions % Correct
TTravers, Trevino
47.8%
FFoulis, Farrell, Furgol, Fleck, Floyd, Furyk
47.6%
RRawlins, Ross, Ray, Rose, Rahm
46.6%
CCasper, Campbell, Cabrera
44.3%
AAnderson, Auchterlonie, Armour
32.9%
IIrwin
32.7%
OOuimet, Ogilvy
32%
VVardon, Venturi
30.8%
BBarnes, Burke, Boros, Bolt
21%
LLloyd, Little, Littler
16.7%
DDutra, DeChambeau
12.9%

From the Vault

Harry Potter or Not(ter)

by babymonkee

Movies 4m
Are you a quizard wizard?
Remove Ads.
Support Sporcle.
Get the best of Sporcle when you Go Orange. This ad-free experience offers more features, more stats, and more fun while also helping to support Sporcle. Thank you for becoming a member.

Show Comments

Extras

Top Quizzes Today


Score Distribution

Your Account Isn't Verified!

In order to create a playlist on Sporcle, you need to verify the email address you used during registration. Go to your Sporcle Settings to finish the process.

Report this User

Report this user for behavior that violates our Community Guidelines.

Details: